Problemy w slużbie zdrowia w Polsce. Próby zredukowania szybko rosnacych kosztów leczenia w wybranych krajach Europy

Enregistré dans:
Détails bibliographiques
Auteur principal: Rutkowska, Małgorzata
Format: Chapitre de livre
Langue:polonais
Tags: Ajouter un tag
Pas de tags, Soyez le premier à ajouter un tag!

MARC

LEADER 00000naa$a2200000$$$4500
001 0151363
005 20220802084426.1
041 0 |a pol 
044 |a PL 
245 1 0 |a Problemy w slużbie zdrowia w Polsce. Próby zredukowania szybko rosnacych kosztów leczenia w wybranych krajach Europy  |c Małgorzata Rutkowska 
100 1 |a Rutkowska, Małgorzata